Countries by Tallest Chimney - Statistics

General Stats
  • This quiz has been taken 32 times
  • The average score is 5 of 10
Answer Stats
Chimney Height (metres) Country % Correct
Berezovskaya GRES 370 Russia
96%
Homer City Generating Station 371 United States
92%
Kharkiv TEC-5 330 Ukraine
69%
Inco Superstack 380.1 Canada
65%
Endesa Termic 356 Spain
50%
GRES-2 Power Station 419.7 Kazakhstan
38%
Phoenix Copper Smelter 351.5 Romania
27%
Syrdarya Power Plant 350 Uzbekistan
23%
Plomin Power Station 340 Croatia
12%
Trbovlje Chimney 360 Slovenia
12%
No matching quizzes found
Score Distribution
Percent of People with Each Score
Percentile by Number Answered
Your Score History
You have not taken this quiz